Statistics for Spine/nerves

Click here to take the quiz!

General Stats

  • This quiz has been taken 13 times
  • The average score is 7 of 15

Answer Stats

HintAnswer% Correct
How many thoracic vertebrae are there?12
90%
The coccyx is made up of how many vertebrae fused together?5
90%
How many lumbar are there?5
80%
What is the other name for C1?Atlas
60%
C2?Axis
60%
Does sympathetic outflow cause pupil dilatation or constriction?Dilatation
60%
How many cervical ganglia in the neck are formed from the white rami communicantes?3
50%
Which vertebrae have bifid spinous processes?Cervical
40%
The body of which vertebrae is large and thich?Lumbar
40%
Which vertebra require articular facets for ribs?Thoracic
40%
Between which vertebral levels does sypathetic outflow occur?T1 to L2
30%
What is the only movement that thorasic vertebrae are able to do, due to being limited by the thoracic cage?Rotation
20%
The inferior cervical ganglion often fuses with the upper thorasic ganglion to form a ganglion with another name, what is this name?Stellate
20%
Which is the only nerve root to not be named after a vertebrae?C8
10%
What is the name of the holes in cervical vertebrae that exist so that the vertebral artery can pass up to the foramen magnum?Foramen transversarium
10%

Score Distribution

Percentile by Number Answered

Percent of People with Each Score

Your Score History

You have not taken this quiz